000 00433nam a22001577a 4500
003 URS
005 20250701075806.0
022 _29789719594000
040 _cURS
050 _aFIL KPM 3110 B36 2014
100 _aBanggawan, Rex B.
_eAuthor
245 _aIncome Taxation:
_b Laws, Principles and Applications
260 _aPasay City:
_b Real Excellence Publishing,
_c[2023]
300 _aca. 701–721 pp.;
_c22 cm
942 _2lcc
_cF
999 _c83282
_d83281